00506nmm a2200169Ia 4500008004100000020001800041041000800059100004300067245003800110264005300148300001800201490001300219650002900232856005100261942000700312999001700319251105s9999||||xx |||||||||||||||||und|| a9789588869506 aspa aPeña Navarro, Dilia Carolina (comp.) 0aEnfoque de género en Medellín a[Bogotá, Colombia] :bEdiciones Unaula, c2016 a192 páginas aContexto aGender and Women Studies uhttps://public.digitaliapublishing.com/a/49640 cCF c96665d96665